|
|
|
|
| LEADER |
02550nam a2200625 i 4500 |
| 001 |
nkc20162831499 |
| 003 |
CZ PrNK |
| 005 |
20161129094120.0 |
| 007 |
ta |
| 008 |
161108s2016 xr a e c 000 0dcze |
| 020 |
|
|
|a 978-80-87420-62-1
|q (v knize neuvedeno ;
|q brožováno)
|z 978-80-87420-61-1
|
| 040 |
|
|
|a ABA001
|b cze
|e rda
|
| 043 |
|
|
|a e-xr---
|b e-xr-cc
|2 czenas
|
| 045 |
|
|
|a x9y1
|
| 072 |
|
7 |
|a 72/76
|x Výtvarné umění
|2 Konspekt
|9 21
|
| 080 |
|
|
|a 72/76(437.3)
|2 MRF
|
| 080 |
|
|
|a 77.04
|2 MRF
|
| 080 |
|
|
|a 7.036/.038
|2 MRF
|
| 080 |
|
|
|a 7.07-055.2
|2 MRF
|
| 080 |
|
|
|a (437.31-16)
|2 MRF
|
| 080 |
|
|
|a (083.824)
|2 MRF
|
| 100 |
1 |
|
|a Bílková, Zdeňka,
|d 1984-
|7 ola2012712732
|4 aut
|
| 245 |
1 |
0 |
|a Ženské v(j)ecy :
|b současné mladé ženské umění severozápadních Čech /
|c text: Zdeňka Bílková
|
| 246 |
3 |
|
|a Ženské věci
|
| 264 |
|
1 |
|a Karlovy Vary :
|b Galerie umění,
|c 2016
|
| 300 |
|
|
|a 39 nečíslovaných stran :
|b barevné ilustrace ;
|c 30 cm
|
| 336 |
|
|
|a text
|b txt
|2 rdacontent
|
| 337 |
|
|
|a bez média
|b n
|2 rdamedia
|
| 338 |
|
|
|a svazek
|b nc
|2 rdacarrier
|
| 500 |
|
|
|a Název z obálky
|
| 500 |
|
|
|a 300 výtisků
|
| 500 |
|
|
|a Publikace ke stejnojmenné výstavě konané 29. srpna - 16. října 2016 v Letohrádku Ostrov, pobočce Galerie umění Karlovy Vary
|
| 500 |
|
|
|a Životopisná data, přehled výstav a zastoupení ve sbírkách
|
| 500 |
|
|
|a Chronologický přehled
|
| 648 |
|
7 |
|a 21. století
|7 ch460559
|2 czenas
|
| 648 |
|
4 |
|a 1999-2016
|
| 650 |
0 |
7 |
|a české výtvarné umění
|7 ph116865
|y 21. století
|2 czenas
|
| 650 |
0 |
7 |
|a umělecká fotografie
|7 ph126879
|z Česko
|y 21. století
|2 czenas
|
| 650 |
0 |
7 |
|a moderní umění
|7 ph115340
|z Česko
|2 czenas
|
| 650 |
0 |
7 |
|a ženy v umění
|7 ph127976
|z Česko
|y 21. století
|2 czenas
|
| 650 |
0 |
9 |
|a Czech art
|y 21st century
|2 eczenas
|
| 650 |
0 |
9 |
|a artistic photography
|z Czechia
|y 21st century
|2 eczenas
|
| 650 |
0 |
9 |
|a modern art
|z Czechia
|2 eczenas
|
| 650 |
0 |
9 |
|a women in art
|z Czechia
|y 21st century
|2 eczenas
|
| 651 |
|
7 |
|a Čechy severozápadní (Česko)
|7 ge131653
|2 czenas
|
| 651 |
|
9 |
|a Bohemia, Northwestern (Czechia)
|2 eczenas
|
| 655 |
|
7 |
|a katalogy výstav
|7 fd132536
|2 czenas
|
| 655 |
|
9 |
|a exhibition catalogs
|2 eczenas
|
| 710 |
2 |
|
|a Galerie umění (Karlovy Vary, Česko).
|b Letohrádek Ostrov
|7 kn20021008019
|4 orm
|
| 910 |
2 |
|
|a BOA001
|b 4-1376.736
|
| 928 |
9 |
|
|a Galerie umění Karlovy Vary
|
| 990 |
|
|
|a BK
|
| 995 |
|
|
|a 11
|
| 991 |
|
|
|b 201611
|c NOV
|
| 996 |
6 |
|
|b 2610687710
|c 4-1376.736
|l MZK
|r Sklad / do 1 hodiny
|n 1
|p p.v.
|w 001586946
|u 000010
|a 1
|e BOA001
|j MZK50
|s P
|